| 000 | 00595nam a2200241Ia 4500 | ||
|---|---|---|---|
| 003 | GCL | ||
| 008 | 140319s9999 xx 000 0 eng d | ||
| 020 | _a2713008271 | ||
| 040 |
_aGCL / _cGCL |
||
| 082 | 0 | 4 |
_aCH _b536 _bW C |
| 100 | 1 | _aCARLIER, PIERRE | |
| 245 | 1 | 0 |
_aCHALEUR ET ENERGIE / _cCARLIER, PIERRE |
| 700 | 1 | _aWHYMAN, KATHRYN | |
| 700 | 1 | _aNEVETT, LOUISE | |
| 260 |
_a[S.N] : _bEDITIONS GAMMA ، _c1987 |
||
| 300 |
_a32 P _bILL. ؛ _c25 cm. |
||
| 490 |
_aVINTAGE BOOKS _v0 |
||
| 650 | 0 | 4 | _aSCIENCE |
| 650 | 0 | 4 | _aENERGY |
| 650 | 0 | 4 | _aPHYSICS |
| 650 | 0 | 4 | _aHEAT |
| 942 |
_2ddc _cBK |
||
| 999 |
_c4719 _d4719 |
||